000 00271nam a22001097a 4500
082 _a621.381 CAG'T
100 _aCAGE, JOHN M
_957520
245 _aTHEORY AND APPLICATION OF INDUSTRIAL ELECTRONICS
260 _aNEWYORK
_bMCGRAW HILL
_c1951
300 _a290P
942 _cBK
999 _c567797
_d567797